Racismo y discurso en América Latina
Uloženo v:
| Hlavní autor: | |
|---|---|
| Médium: | Kniha |
| Jazyk: | Undetermined |
| Vydáno: |
Barcelona, España
Editorial Gedisa
2007
|
| Témata: | |
| Tagy: |
Přidat tag
Žádné tagy, Buďte první, kdo vytvoří štítek k tomuto záznamu!
|
MARC
| LEADER | 00000nam a2200000Ia 4500 | ||
|---|---|---|---|
| 008 | 170316s9999 xx 000 0 und d | ||
| 090 | |a 410 V-3ra | ||
| 100 | |a Van Dijk, Teun A. | ||
| 245 | |a Racismo y discurso en América Latina | ||
| 260 | |a Barcelona, España | ||
| 260 | |b Editorial Gedisa | ||
| 260 | |c 2007 | ||
| 300 | |a 423 páginas | ||
| 650 | |a LINGÜÍSTICA | ||
| 650 | |a RACISMO EN AMÉRICA LATINA | ||
| 650 | |a DISCURSO EN AMÉRICA LATINA | ||
| 650 | |a DISCURSO RACISTA | ||
| 650 | |a RACISMO DISCURSIVO EN CHILE - CASO MAPUCHE | ||
| 999 | |c 18801 |d 18801 | ||
| 040 | |a cru BVZT | ||
| 942 | |c 15 D |h 410 V-3ra |2 z | ||
